[Event "Wch U14 Girls"]
[Site "Maribor"]
[Date "2012.11.14"]
[Round "7.40"]
[White "Narva, Mai"]
[Black "Jayaratne, JPSS"]
[Result "1-0"]
[WhiteElo "1788"]
[BlackElo "1512"]
[PlyCount "89"]
[EventDate "2012.11.08"]
[EventType "swiss"]
[EventRounds "11"]
[EventCountry "SLO"]
[SourceTitle "EXT 2013"]
[Source "ChessBase"]
[SourceDate "2012.11.22"]
[SourceVersion "1"]
[SourceVersionDate "2012.11.22"]
[SourceQuality "1"]

1. e4 c6 2. Nc3 d5 3. Nf3 dxe4 4. Nxe4 Bf5 5. Ng3 Bg6 6. Ne5 Nd7 7. Nxg6 hxg6 8. d4 Ngf6 9. Bc4 e6 10. Bg5 Qa5+ 11. Bd2 Qc7 12. Qe2 0-0-0 13. 0-0-0 Bd6 14. Ne4 Bf4 15. g3 Bxd2+ 16. Rxd2 Nxe4 17. Qxe4 Nf6 18. Qe2 Rh6 19. f4 Rdh8 20. Qf3 Qb6 21. Bb3 Rd8 22. Rhd1 Rh3 23. Qe2 Rhh8 24. c4 Rhe8 25. Qf3 Rd7 26. g4 Red8 27. g5 Ne8 28. d5 exd5 29. cxd5 c5 30. Kb1 Nd6 31. Rc1 Kb8 32. Qc3 Qc7 33. Rdd1 b6 34. Qxg7 Nf5 35. Qe5 Qxe5 36. fxe5 Ne3 37. Rd3 Nxd5 38. Ba4 Nf6 39. Bxd7 Rxd7 40. Rxd7 Nxd7 41. Re1 Nf8 42. Rf1 Ne6 43. Rxf7 Nxg5 44. Rf6 Nf3 45. Rxf3 1-0

[Event "Wch U14 Girls"]
[Site "Maribor"]
[Date "2012.11.12"]
[Round "6.49"]
[White "Jayaratne, JPSS"]
[Black "Morales Santos, Natasha"]
[Result "1-0"]
[WhiteElo "1512"]
[BlackElo "1607"]
[PlyCount "97"]
[EventDate "2012.11.08"]
[EventType "swiss"]
[EventRounds "11"]
[EventCountry "SLO"]
[SourceTitle "EXT 2013"]
[Source "ChessBase"]
[SourceDate "2012.11.22"]
[SourceVersion "1"]
[SourceVersionDate "2012.11.22"]
[SourceQuality "1"]

1. d4 e6 2. Nf3 f5 3. Bf4 Nf6 4. e3 Be7 5. Be2 d5 6. c4 b6 7. Nc3 c6 8. Ne5 0-0 9. 0-0 Bb7 10. Rc1 Ne4 11. Nxe4 fxe4 12. Bg4 Bc8 13. Qc2 Bd7 14. cxd5 exd5 15. Nxd7 Nxd7 16. Qxc6 Nf6 17. Be6+ Kh8 18. Bc7 Qe8 19. Bxd5 Nxd5 20. Qxd5 Bf6 21. Bg3 Rd8 22. Qc6 Qg6 23. h3 Qf5 24. Qb7 Qa5 25. a3 Rfe8 26. Rc7 Qd2 27. b4 a5 28. Qxb6 axb4 29. Qxb4 Qd3 30. Rfc1 Ra8 31. Kh2 Rxa3 32. Qc4 Qxc4 33. R7xc4 Kg8 34. Rc8 Rxc8 35. Rxc8+ Kf7 36. Rc5 Ra8 37. Be5 Bxe5+ 38. Rxe5 Rd8 39. Rxe4 Kf6 40. Re5 g6 41. Kg3 h6 42. Kf4 g5+ 43. Ke4 Rd6 44. d5 Kf7 45. Re6 Rxe6+ 46. dxe6+ Kxe6 47. g4 Kf6 48. Kd5 Kg6 49. e4 1-0

[Event "Asia-ch U14 Girls"]
[Site "Hikkaduwa"]
[Date "2012.06.27"]
[Round "3.4"]
[White "Jayaratne, JPSS"]
[Black "Nguyen, Hoang Anh"]
[Result "1/2-1/2"]
[WhiteElo "1498"]
[BlackElo "1927"]
[PlyCount "61"]
[EventDate "2012.06.26"]
[EventType "swiss"]
[EventRounds "9"]
[EventCountry "SRI"]
[SourceTitle "EXT 2024"]
[Source "ChessBase"]
[SourceDate "2023.10.10"]
[SourceVersion "1"]
[SourceVersionDate "2023.10.10"]
[SourceQuality "1"]

1. d4 g6 2. Nf3 Bg7 3. Bf4 d6 4. e3 Nf6 5. h3 0-0 6. Be2 c5 7. c3 cxd4 8. exd4 Nc6 9. Nbd2 Nd5 10. Bh2 e5 11. dxe5 dxe5 12. 0-0 Nf4 13. Bxf4 exf4 14. Re1 Bf5 15. Bc4 Na5 16. Qa4 a6 17. Qd1 Qc7 18. Bb3 b5 19. Bc2 Bxc2 20. Qxc2 Rac8 21. Rac1 Rfe8 22. Rxe8+ Rxe8 23. Re1 Rc8 24. Qe4 Nb7 25. Qe7 h6 26. Nb3 Nd6 27. Nbd2 Nc4 28. Qxc7 Rxc7 29. Nxc4 Rxc4 30. Re8+ Kh7 31. Re7 1/2-1/2

[Event "Ambalangoda Dhamso op 2nd"]
[Site "Ambalangoda"]
[Date "2012.04.20"]
[Round "3"]
[White "Jayaratne, JPSS"]
[Black "Lamahewa, C."]
[Result "0-1"]
[WhiteElo "1490"]
[BlackElo "1853"]
[PlyCount "56"]
[EventDate "2012.04.19"]
[EventType "swiss"]
[EventRounds "9"]
[EventCountry "SRI"]
[SourceTitle "CBM 148 Extra"]
[Source "ChessBase"]
[SourceDate "2012.06.22"]
[SourceVersion "1"]
[SourceVersionDate "2012.06.22"]
[SourceQuality "1"]

1. e4 e5 2. Nf3 Nc6 3. d4 exd4 4. Nxd4 Bc5 5. Nxc6 bxc6 6. Nc3 Qf6 7. Qe2 a5 8. Na4 Bd4 9. c3 Be5 10. Qe3 Qg6 11. Nc5 d6 12. Nd3 Qf6 13. Nxe5 dxe5 14. Qg5 h6 15. Qe3 Ne7 16. Bc4 Ng6 17. Qg3 0-0 18. 0-0 Be6 19. Bxe6 Qxe6 20. Be3 Rab8 21. Bc5 Rfd8 22. b4 Nf4 23. Qe3 Rd3 24. Qe1 Qg4 25. g3 Ne2+ 26. Kg2 Qf3+ 27. Kh3 Nf4+ 28. Kh4 Qh5# 0-1